| 000 | 00633nam a22001457a 4500 | ||
|---|---|---|---|
| 020 | _a978-0-345-48016-3 | ||
| 082 |
_a823 _bBRO/F |
||
| 100 | _aBROCKMANN, SUZANNE | ||
| 245 | _aFORCE OF NATURE | ||
| 260 |
_aNEWYORK _bBALLANTINE BOOKS _c2007 |
||
| 300 | _a372 | ||
| 520 | _aForce of Nature is no exception. Florida private investigator and ex-cop Ric Alvarado's life is spiraling out of control. His beautiful new girl Friday, Annie Dugan, is far more interested in fieldwork than filing, and despite Ric's best efforts to ignore the attraction, sparks are flying between them. | ||
| 650 |
_aENGLISH NOVEL _zUNITED STATES |
||
| 942 | _cBK | ||
| 999 |
_c2005 _d2005 |
||